000 02155cam a2200337 a 4500
001 17060079
003 OSt
005 20230622113245.0
008 111128s2013 cauk b 001 0 eng
010 _a 2011944304
020 _a9781111835583 (hbk. : student ed.)
020 _a1111835586 (hbk. : student ed.)
040 _aDLC
_cLC
_dDLC
042 _apcc
050 0 0 _aKF9619.F47
100 1 _aFerdico, John N.
_91795
245 1 0 _aCriminal procedure for the criminal justice professional /
_cJohn N. Ferdico, Henry F. Fradella, Christopher D. Totten.
250 _a11th ed.
260 _aBelmont, CA :
_bWadsworth Cengage Learning,
_c2013.
300 _axxii, 650 p. :
_bforms ;
_c27 cm.
504 _aIncludes bibliographical references (p. 622-627) and indexes.
505 _aContents: Framework fr the study of criminal procedure: Individual rights under the United States constitution -- Criminal courts, pretrial processes, and the exclusionary rule - Basic underlying concepts: privacy, probable cause, and reasonableness -- Search warrants, arrest, stops, and frisks: Criminal investigatory search warrants -- Searches for electronically stored information and electronic surveillance -- Administrative and special needs searches -- Arrests, searches incident to arrest, and protective sweeps -- Stops and frisks -- Exceptions to the search warrant requirement: Consent searches -- The plain view doctrine -- Search and seizure of vehicles and containers -- Open fields and abandoned property -- Interrogations, identifications, trials and post-conviction remedies: Interrogations, admissions, and confessions -- Pretrial visual identification procedures -- Criminal trials, appeals, and postconviction remedies --
650 0 _aCriminal procedure
_zUnited States.
_91796
700 1 _aFradella, Henry F.
_91797
700 1 _aTotten, Christopher D.
_91798
856 4 1 _3Table of contents only
_uhttp://www.loc.gov/catdir/toc/fy13pdf01/2011944304.html
906 _a7
_bcbc
_corigcop
_d2
_eepcn
_f20
_gy-gencatlg
942 _2lcc
_cBK
999 _c9802
_d17302